<?xml version="1.0" encoding="UTF-8"?>
<record
    xmlns:xsi="http://www.w3.org/2001/XMLSchema-instance"
    xsi:schemaLocation="http://www.loc.gov/MARC21/slim http://www.loc.gov/standards/marcxml/schema/MARC21slim.xsd"
    xmlns="http://www.loc.gov/MARC21/slim">

  <leader>02870nam a2200313 i 4500</leader>
  <controlfield tag="003">CSPC</controlfield>
  <controlfield tag="005">20260416133258.0</controlfield>
  <controlfield tag="008">260226s2025    ph a     b    000 0 eng d</controlfield>
  <datafield tag="040" ind1=" " ind2=" ">
    <subfield code="a">CSPC</subfield>
    <subfield code="b">eng </subfield>
    <subfield code="c">CSPC</subfield>
    <subfield code="e">rda </subfield>
  </datafield>
  <datafield tag="090" ind1=" " ind2=" ">
    <subfield code="a">UTH BSOA M113i 2025</subfield>
  </datafield>
  <datafield tag="100" ind1="1" ind2=" ">
    <subfield code="a">Mabelin, Roselyn G., </subfield>
    <subfield code="e">author. </subfield>
  </datafield>
  <datafield tag="245" ind1="1" ind2="4">
    <subfield code="a">The influence of workplace ergonomics on employees' productivity in administrative office in Camarines Sur Polytechnic Colleges, Buhi Campus / </subfield>
    <subfield code="c">Roselyn G. Mabelin, Katrina Mae S. Magistrado, and John Kenneth P. Manaog. </subfield>
  </datafield>
  <datafield tag="260" ind1=" " ind2=" ">
    <subfield code="a">Buhi, Camarines Sur : </subfield>
    <subfield code="b">Camarines Sur Polytechnic Colleges, </subfield>
    <subfield code="c">2025. </subfield>
  </datafield>
  <datafield tag="300" ind1=" " ind2=" ">
    <subfield code="a">112 leaves. </subfield>
  </datafield>
  <datafield tag="336" ind1=" " ind2=" ">
    <subfield code="2">rdacontent</subfield>
    <subfield code="a">text</subfield>
  </datafield>
  <datafield tag="337" ind1=" " ind2=" ">
    <subfield code="2">rdamedia</subfield>
    <subfield code="a">unmediated</subfield>
  </datafield>
  <datafield tag="338" ind1=" " ind2=" ">
    <subfield code="2">rdacarrier</subfield>
    <subfield code="a">volume</subfield>
  </datafield>
  <datafield tag="502" ind1=" " ind2=" ">
    <subfield code="a">Undergraduate Thesis (BSOA)- Office Administration. </subfield>
    <subfield code="c">Camarines Sur Polytechnic Colleges, 2025. </subfield>
  </datafield>
  <datafield tag="504" ind1=" " ind2=" ">
    <subfield code="a">Includes bibliographical references. </subfield>
  </datafield>
  <datafield tag="520" ind1="3" ind2=" ">
    <subfield code="a">This study titled "The Influence of Workplace Ergonomics on Employees' Productivity in Administrative Offices of Camarines Sur Polytechnic Colleges (CSPC), Buhi Campus" aimed to determine how ergonomic factors influence the productivity and well-being of administrative employees. The research addressed the problem of decreased efficiency caused by poor workplace design, inadequate furniture, and limited ergonomic awareness. It sought to assess the extent of ergonomic implementation in CSPC offices and to establish the relationship between ergonomic conditions and employees' productivity. A descriptive research design was utilized, involving twenty-one administrative employees selected through total enumeration. Data were collected using validated questionnaires, interviews, and document analysis. Descriptive statistics such as frequency, percentage, and weighted mean were used to analyze the data. The findings revealed that ergonomic implementation was moderate in terms of workspace layout, furniture, lighting, and ventilation. Respondents reported issues such as non-adjustable chairs, limited equipment, and poor air circulation. The study concluded that workplace ergonomics plays a vital role in maintaining employee performance and well-being. It is recommended that providing adjustable furniture, conducting regular ergonomic assessments, offering employee training, and establishing institutional ergonomic policies to create a healthier and more productive administrative work environment at CSPC Buhi Campus. </subfield>
  </datafield>
  <datafield tag="700" ind1="1" ind2=" ">
    <subfield code="a">Magistrado, Katrina Mae S., </subfield>
    <subfield code="e">author. </subfield>
  </datafield>
  <datafield tag="700" ind1="1" ind2=" ">
    <subfield code="a">Manaog, John Kenneth P., </subfield>
    <subfield code="e">author. </subfield>
  </datafield>
  <datafield tag="720" ind1="1" ind2=" ">
    <subfield code="a">Luzon, April Z., </subfield>
    <subfield code="e">adviser. </subfield>
  </datafield>
  <datafield tag="720" ind1="1" ind2=" ">
    <subfield code="a">Oliveros, Josefin N., </subfield>
    <subfield code="e">panelist, chair. </subfield>
  </datafield>
  <datafield tag="720" ind1="1" ind2=" ">
    <subfield code="a">Luzon, Ni&#xF1;o Jeffrey L., </subfield>
    <subfield code="e">panelist. </subfield>
  </datafield>
  <datafield tag="720" ind1="1" ind2=" ">
    <subfield code="a">Verona, Lea Katrine S., </subfield>
    <subfield code="e">panelist. </subfield>
  </datafield>
  <datafield tag="942" ind1=" " ind2=" ">
    <subfield code="2">ddc</subfield>
    <subfield code="n">0</subfield>
    <subfield code="c">UM</subfield>
    <subfield code="h">M113i </subfield>
    <subfield code="i">BSOA</subfield>
    <subfield code="k">UTH </subfield>
    <subfield code="m">2025</subfield>
  </datafield>
  <datafield tag="952" ind1=" " ind2=" ">
    <subfield code="0">0</subfield>
    <subfield code="1">0</subfield>
    <subfield code="2">ddc</subfield>
    <subfield code="4">0</subfield>
    <subfield code="7">0</subfield>
    <subfield code="a">BUHI</subfield>
    <subfield code="b">BUHI</subfield>
    <subfield code="c">UTH</subfield>
    <subfield code="d">2026-02-23</subfield>
    <subfield code="l">0</subfield>
    <subfield code="o">UTH BSOA M113i 2025</subfield>
    <subfield code="p">00286UM-BUH</subfield>
    <subfield code="r">2026-02-26 00:00:00</subfield>
    <subfield code="t">1-1</subfield>
    <subfield code="w">2026-02-26</subfield>
    <subfield code="y">UM</subfield>
  </datafield>
  <datafield tag="999" ind1=" " ind2=" ">
    <subfield code="c">31912</subfield>
    <subfield code="d">31912</subfield>
  </datafield>
</record>
